[Event "Mumbai Aurionpro GM op"]
[Site "Mumbai"]
[Date "2025.06.16"]
[Round "1"]
[White "Davtyan, Arsen"]
[Black "Singh, Arjun"]
[Result "1-0"]
[WhiteElo "2402"]
[BlackElo "1808"]
[PlyCount "75"]
[EventDate "2025.06.16"]
[EventType "swiss"]
[EventRounds "9"]
[EventCountry "IND"]
[SourceTitle "CB26_2025"]
[SourceDate "2025.06.25"]
[SourceVersion "1"]
[SourceVersionDate "2025.06.25"]
[SourceQuality "1"]

1. c4 Nf6 2. Nc3 c5 3. Nf3 e6 4. g3 b6 5. Bg2 Bb7 6. 0-0 g6 7. d4 d6 8. Re1 Ne4 9. Nxe4 Bxe4 10. d5 e5 11. Nxe5 Bxg2 12. Qa4+ Nd7 13. Bg5 Qc7 14. Nxd7 Qxd7 15. Qxd7+ Kxd7 16. Kxg2 Bg7 17. Rab1 h6 18. Bd2 a5 19. a4 Rae8 20. e4 f5 21. exf5 gxf5 22. Kf3 Rxe1 23. Rxe1 Be5 24. Bf4 Re8 25. Bxh6 Rh8 26. Bf4 Bxf4 27. Kxf4 Rxh2 28. Re2 Rh5 29. b3 Kd8 30. Re6 Kd7 31. f3 Rh3 32. Rg6 Rh5 33. Rg7+ Kc8 34. Rf7 Rh2 35. Kxf5 Re2 36. g4 Re3 37. f4 Rxb3 38. g5 1-0

[Event "New Delhi op 21st"]
[Site "New Delhi"]
[Date "2025.06.10"]
[Round "6"]
[White "Gaikwad, Manas"]
[Black "Davtyan, Arsen"]
[Result "1/2-1/2"]
[WhiteElo "2232"]
[BlackElo "2402"]
[PlyCount "82"]
[EventDate "2025.06.07"]
[EventType "swiss"]
[EventRounds "10"]
[EventCountry "IND"]
[SourceTitle "CB26_2025"]
[SourceDate "2025.06.25"]
[SourceVersion "1"]
[SourceVersionDate "2025.06.25"]
[SourceQuality "1"]

1. e4 e5 2. Nf3 Nc6 3. Bc4 Bc5 4. c3 Nf6 5. d3 d6 6. b4 Bb6 7. a4 a5 8. b5 Ne7 9. Nbd2 0-0 10. 0-0 Ng6 11. d4 Bg4 12. Qc2 Re8 13. h3 Be6 14. Re1 Qc8 15. Bf1 c6 16. dxe5 Nxe5 17. Nxe5 dxe5 18. Nc4 Bxc4 19. Bxc4 cxb5 20. Bxb5 Rd8 21. Qb3 Rd6 22. Bg5 Qc5 23. Re2 Rc8 24. Rc1 h6 25. Bxf6 Rxf6 26. Rcc2 Rd8 27. Rb2 Qc7 28. Kh2 Bc5 29. Bc4 b6 30. Bd5 Qe7 31. Rbd2 Rdd6 32. Qa2 Rf4 33. Bc4 Rg6 34. Rd3 Rd6 35. Rxd6 Qxd6 36. Rd2 Qf6 37. Rd7 Qg6 38. Rd2 Rf6 39. Qb2 Qg5 40. Qa2 Kh7 41. g3 Rf3 1/2-1/2

[Event "Titled Tuesday intern op 06th May Early"]
[Site "Chess.com INT"]
[Date "2025.05.06"]
[Round "3"]
[White "Davtyan, Arsen"]
[Black "Craciun, Sasha Matei"]
[Result "1-0"]
[WhiteElo "2402"]
[BlackElo "2304"]
[PlyCount "69"]
[EventDate "2025.05.06"]
[EventType "swiss (blitz)"]
[EventRounds "11"]
[EventCountry "USA"]
[SourceTitle "CB20_2025"]
[SourceDate "2025.05.14"]
[SourceVersion "1"]
[SourceVersionDate "2025.05.14"]
[SourceQuality "1"]

1. c4 e6 2. Nf3 d5 3. d4 Nf6 4. g3 Bb4+ 5. Bd2 Be7 6. Bg2 0-0 7. 0-0 Nbd7 8. Qc2 b6 9. Nc3 c6 10. b3 Ba6 11. Rfd1 Rc8 12. e4 dxc4 13. Be3 Ng4 14. Bf4 Bb4 15. e5 Bxc3 16. Qxc3 Bb7 17. bxc4 Qe7 18. h3 Nh6 19. Bxh6 gxh6 20. Qe3 Kg7 21. Nd2 Rfd8 22. Ne4 Nf8 23. c5 Rc7 24. Nd6 Ba6 25. Rab1 Ng6 26. cxb6 axb6 27. Rxb6 Bb5 28. h4 Ba4 29. Rc1 h5 30. Bf3 f6 31. Bxh5 c5 32. Nf5+ exf5 33. exf6+ Qxf6 34. Rxf6 Re7 35. Rxg6+ 1-0

[Event "Titled Tuesday intern op 06th May Early"]
[Site "Chess.com INT"]
[Date "2025.05.06"]
[Round "5"]
[White "Karpenko, Anton"]
[Black "Davtyan, Arsen"]
[Result "1-0"]
[WhiteElo "2218"]
[BlackElo "2402"]
[PlyCount "75"]
[EventDate "2025.05.06"]
[EventType "swiss (blitz)"]
[EventRounds "11"]
[EventCountry "USA"]
[SourceTitle "CB20_2025"]
[SourceDate "2025.05.14"]
[SourceVersion "1"]
[SourceVersionDate "2025.05.14"]
[SourceQuality "1"]

1. e4 e5 2. Nf3 Nc6 3. Bc4 Nf6 4. d3 Bc5 5. 0-0 0-0 6. Nbd2 a5 7. a4 d6 8. c3 h6 9. h3 Ba7 10. Re1 Ne7 11. Nf1 Ng6 12. Ng3 c6 13. Ba2 Re8 14. Be3 Bxe3 15. Rxe3 d5 16. exd5 cxd5 17. d4 e4 18. Nd2 Nf4 19. f3 Qd7 20. fxe4 Nxg2 21. Kxg2 Qxh3+ 22. Kg1 Ng4 23. Rf3 Qh2+ 24. Kf1 Qh3+ 25. Kg1 Qh2+ 26. Kf1 Ra6 27. Qe2 Qh3+ 28. Kg1 Rg6 29. Qg2 Qh4 30. Bxd5 Nf6 31. Qh2 Bh3 32. Bb3 Qg4 33. Qf2 Qh4 34. Qh2 Ng4 35. Bxf7+ Kh8 36. Qe2 Ne5 37. Bxg6 Nxg6 38. Raf1 1-0

[Event "EU-ch 25th"]
[Site "Eforie Nord"]
[Date "2025.03.18"]
[Round "4"]
[White "Davtyan, Arsen"]
[Black "Bernadskiy, Vitaliy"]
[Result "0-1"]
[WhiteElo "2391"]
[BlackElo "2529"]
[PlyCount "198"]
[EventDate "2025.03.15"]
[EventType "swiss"]
[EventRounds "11"]
[EventCountry "ROU"]
[SourceTitle "CB13_2025"]
[SourceDate "2025.03.26"]
[SourceVersion "1"]
[SourceVersionDate "2025.03.26"]
[SourceQuality "1"]

1. d4 Nf6 2. c4 d6 3. Nc3 e5 4. d5 Nbd7 5. e4 Nc5 6. Qc2 a5 7. Be2 Be7 8. Nf3 Bg4 9. Be3 Nfd7 10. 0-0 0-0 11. b3 f5 12. exf5 Bxf5 13. Qd1 h6 14. a3 Ne4 15. Nxe4 Bxe4 16. b4 Nf6 17. Nd2 Bg6 18. Nb3 axb4 19. axb4 Rxa1 20. Qxa1 b6 21. Qa7 Nh5 22. g3 Bg5 23. Qa1 Bxe3 24. fxe3 Qg5 25. Rxf8+ Kxf8 26. Qf1+ Nf6 27. Qf2 Bf7 28. b5 Qg6 29. Nd2 Qc2 30. Bf1 Bg6 31. h3 Ke7 32. Nf3 Qc3 33. Qe1 Qa3 34. Nd2 Qb2 35. Qe2 Qc3 36. Qf2 h5 37. Qe2 Bf5 38. Qf2 g6 39. Kh2 Qc2 40. Kg1 Kd7 41. Bg2 e4 42. Kh2 Kc8 43. Qe2 Kb7 44. Kg1 Kc8 45. Kh2 Kd8 46. Kg1 Ke7 47. Kh2 g5 48. Qf2 Bg6 49. Bf1 Nd7 50. g4 hxg4 51. hxg4 Nf6 52. Kg3 Be8 53. Qe2 Bd7 54. Bh3 Qb2 55. Qd1 Kd8 56. Qe2 Kc8 57. Qd1 Kb7 58. Qe2 Kb8 59. Qd1 Qe5+ 60. Kg2 Qc3 61. Qe2 Bc8 62. Kg3 Qc2 63. Qf2 Nd7 64. Bg2 Nc5 65. Bf1 Qb2 66. Bh3 Nd3 67. Qe2 Ne5 68. Qd1 Ng6 69. Bg2 Qe5+ 70. Kf2 Nh4 71. Bxe4 Qh2+ 72. Kf1 Qg3 73. Bf3 Qh3+ 74. Ke1 Ng6 75. Qe2 Ne5 76. Qg2 Qh7 77. e4 Nd3+ 78. Kf1 Qh8 79. Qe2 Qa1+ 80. Qd1 Qd4 81. Ke2 Ne5 82. Qb3 Nxg4 83. Bxg4 Bxg4+ 84. Ke1 Qg1+ 85. Nf1 Qh1 86. Qd3 Bf3 87. Kd2 Bxe4 88. Qe2 Bg6 89. Ne3 Qe4 90. Qf2 Kb7 91. Qg3 Qd3+ 92. Ke1 Bh5 93. Kf2 Qd2+ 94. Kg1 Be2 95. Qf2 Qc1+ 96. Kh2 Bxc4 97. Qg3 Qd2+ 98. Kh3 Bxd5 99. Qxg5 Bc4 0-1

[Event "Yerevan Margaryan Memorial GM"]
[Site "Yerevan"]
[Date "2025.01.13"]
[Round "6"]
[White "Mousavi, Seyed Khalil"]
[Black "Davtyan, Arsen"]
[Result "0-1"]
[WhiteElo "2479"]
[BlackElo "2364"]
[PlyCount "98"]
[EventDate "2025.01.08"]
[EventType "tourn"]
[EventRounds "9"]
[EventCountry "ARM"]
[EventCategory "7"]
[SourceTitle "CB04_2025"]
[SourceDate "2025.01.22"]
[SourceVersion "1"]
[SourceVersionDate "2025.01.22"]
[SourceQuality "1"]

1. Nf3 d5 2. g3 g6 3. Bg2 Bg7 4. 0-0 e5 5. d3 Ne7 6. c4 c6 7. e4 0-0 8. b3 a5 9. cxd5 cxd5 10. Nc3 d4 11. Nb5 Na6 12. Nd2 Bd7 13. a4 Nc6 14. Nc4 Ncb4 15. f4 Nc5 16. Nxe5 Bxb5 17. axb5 Bxe5 18. fxe5 Nbxd3 19. e6 fxe6 20. Bh6 Rxf1+ 21. Qxf1 b6 22. Bh3 Qe7 23. Rd1 Ne5 24. Bc1 Rf8 25. Qe2 Qg7 26. Ba3 d3 27. Qe3 Rf3 28. Qc1 Ned7 29. Bb2 Qf7 30. Qg5 Qf8 31. Qc1 Qd6 32. Kg2 Rf7 33. Qc4 Kf8 34. Kh1 Ke7 35. e5 Nxe5 36. Qh4+ Ke8 37. Bg2 h5 38. b4 axb4 39. Ra1 Kf8 40. Qg5 Ncd7 41. Be4 Rf6 42. Kg2 Qc5 43. Kh3 Ng4 44. Ra8+ Kf7 45. Bxf6 Nf2+ 46. Kh4 Nxe4 47. Qxc5 Ndxc5 48. Be5 d2 49. Ra1 Nc3 0-1

[Event "Yerevan Margaryan Memorial GM"]
[Site "Yerevan"]
[Date "2025.01.12"]
[Round "5"]
[White "Davtyan, Arsen"]
[Black "Nozdrachev, Vladislav"]
[Result "0-1"]
[WhiteElo "2364"]
[BlackElo "2501"]
[PlyCount "70"]
[EventDate "2025.01.08"]
[EventType "tourn"]
[EventRounds "9"]
[EventCountry "ARM"]
[EventCategory "7"]
[SourceTitle "CB04_2025"]
[SourceDate "2025.01.22"]
[SourceVersion "1"]
[SourceVersionDate "2025.01.22"]
[SourceQuality "1"]

1. e4 e5 2. Nf3 Nc6 3. d4 exd4 4. Nxd4 Nf6 5. Nxc6 bxc6 6. e5 Qe7 7. Qe2 Nd5 8. h4 f6 9. c4 Nb6 10. exf6 gxf6 11. Be3 Ba6 12. Qh5+ Qf7 13. Qxf7+ Kxf7 14. Nd2 d5 15. Rc1 Rc8 16. a3 Be7 17. c5 Bxf1 18. cxb6 Bxg2 19. Rg1 Rhg8 20. bxa7 Bd6 21. Nb3 Bh2 22. Rxg2 Rxg2 23. Rxc6 Re8 24. Nd4 Rg4 25. Kd2 Be5 26. Kd3 Rxh4 27. Nb5 Ra4 28. b3 Ra5 29. Nxc7 Rc8 30. a8Q Raxa8 31. Nxa8 Rxc6 32. f4 Bb2 33. a4 Rc3+ 34. Kd2 Rxb3 35. Bb6 Ra3 0-1

[Event "ARM-ch 1st League 85th"]
[Site "Yerevan"]
[Date "2024.12.03"]
[Round "10"]
[White "Babujian, Levon"]
[Black "Davtyan, Arsen"]
[Result "1-0"]
[WhiteElo "2330"]
[BlackElo "2400"]
[PlyCount "65"]
[EventDate "2024.11.24"]
[EventType "tourn"]
[EventRounds "11"]
[EventCountry "ARM"]
[EventCategory "5"]
[SourceTitle "CB51_2024"]
[SourceDate "2024.12.18"]
[SourceVersion "1"]
[SourceVersionDate "2024.12.18"]
[SourceQuality "1"]

1. e4 e5 2. Nf3 Nc6 3. Bc4 Bc5 4. b4 Bxb4 5. c3 Ba5 6. 0-0 d6 7. Qb3 Qd7 8. d4 Bb6 9. Na3 Na5 10. Qc2 Nxc4 11. Nxc4 f6 12. a4 Qe6 13. Qd3 a5 14. Nxb6 cxb6 15. Rb1 Ra6 16. Nd2 Nh6 17. Nc4 Nf7 18. d5 Qe7 19. Nxb6 0-0 20. Be3 Bg4 21. f3 Bh5 22. c4 Nh6 23. g4 Bg6 24. c5 f5 25. gxf5 Nxf5 26. exf5 Bxf5 27. Qc4 Bxb1 28. Rxb1 Qf7 29. Qe4 dxc5 30. Bxc5 Rd8 31. d6 Qe6 32. Rd1 h5 33. Qd5 1-0

[Event "ARM-ch 1st League 85th"]
[Site "Yerevan"]
[Date "2024.12.02"]
[Round "9"]
[White "Davtyan, Arsen"]
[Black "Agasarov, Benik"]
[Result "1-0"]
[WhiteElo "2400"]
[BlackElo "2410"]
[PlyCount "189"]
[EventDate "2024.11.24"]
[EventType "tourn"]
[EventRounds "11"]
[EventCountry "ARM"]
[EventCategory "5"]
[SourceTitle "CB51_2024"]
[SourceDate "2024.12.18"]
[SourceVersion "1"]
[SourceVersionDate "2024.12.18"]
[SourceQuality "1"]

1. d4 Nf6 2. c4 e6 3. Nc3 Bb4 4. e3 0-0 5. Bd3 d5 6. cxd5 exd5 7. Nge2 Re8 8. 0-0 Bf8 9. Bd2 Nbd7 10. Nf4 Nb6 11. a4 a5 12. Qf3 Bg4 13. Qg3 Qd7 14. f3 Bf5 15. Qf2 Bxd3 16. Nxd3 Nc4 17. b3 Nxd2 18. Qxd2 Qe6 19. Rfe1 Qb6 20. Rab1 c6 21. Re2 Nd7 22. Qc2 Bd6 23. Rbe1 Nf8 24. Kh1 Re7 25. Nd1 Rae8 26. N1f2 Ne6 27. Qb2 Qa6 28. g3 b5 29. Kg2 bxa4 30. bxa4 Rb8 31. Qc2 Rbe8 32. Nd1 Bb4 33. Nxb4 axb4 34. Rd2 Qc4 35. Rf1 b3 36. Qxc4 dxc4 37. Nc3 Rd7 38. Rc1 Nc5 39. Nb1 Rxe3 40. Rxc4 Nd3 41. Rxc6 f5 42. a5 Ra7 43. a6 Nb4 44. Rb6 Nxa6 45. Kf2 f4 46. gxf4 Nc7 47. d5 Re8 48. d6 Na6 49. Rxb3 Rd7 50. Nc3 Nc5 51. Rb5 Ne6 52. Re5 Kf8 53. Kg3 Rc8 54. Ne4 Kf7 55. f5 Nf8 56. Nc5 Ra7 57. Rde2 Kf6 58. Rd5 Kf7 59. Ne6 Rd7 60. Ng5+ Kf6 61. h4 h6 62. Ne4+ Kf7 63. Kf4 Rc4 64. Red2 Rd8 65. R2d4 Rc6 66. Rb4 Rd7 67. Ke5 Ra7 68. Rdb5 Nd7+ 69. Kd5 Rc1 70. Rb7 Rxb7 71. Rxb7 Ke8 72. f6 gxf6 73. Ke6 Nf8+ 74. Kxf6 Nd7+ 75. Ke6 Nf8+ 76. Kf5 Nd7 77. Ra7 Rh1 78. Ra8+ Kf7 79. Ra7 Ke8 80. Nf6+ Nxf6 81. Kxf6 Rf1 82. Re7+ Kd8 83. Re3 Rg1 84. Ke6 Rg6+ 85. Kd5 Rf6 86. Ke5 Rg6 87. Ra3 Rg1 88. Ra8+ Kd7 89. Ra7+ Kd8 90. Rh7 Re1+ 91. Kf5 Rd1 92. Rxh6 Kd7 93. f4 Rd5+ 94. Kg4 Ra5 95. h5 1-0

[Event "ARM-ch 1st League 85th"]
[Site "Yerevan"]
[Date "2024.12.01"]
[Round "8"]
[White "Sargsyan, Sargis Vach"]
[Black "Davtyan, Arsen"]
[Result "1-0"]
[WhiteElo "2321"]
[BlackElo "2400"]
[PlyCount "119"]
[EventDate "2024.11.24"]
[EventType "tourn"]
[EventRounds "11"]
[EventCountry "ARM"]
[EventCategory "5"]
[SourceTitle "CB51_2024"]
[SourceDate "2024.12.18"]
[SourceVersion "1"]
[SourceVersionDate "2024.12.18"]
[SourceQuality "1"]

1. d4 Nf6 2. c4 e6 3. Nc3 Bb4 4. Qc2 d5 5. a3 Bxc3+ 6. Qxc3 0-0 7. Nf3 b6 8. Bg5 Nbd7 9. e3 h6 10. Bh4 Bb7 11. cxd5 Bxd5 12. Be2 c5 13. 0-0 g5 14. Bg3 Ne4 15. Qc2 cxd4 16. Nxd4 Rc8 17. Qd1 f5 18. Ba6 Ra8 19. Bd3 Nxg3 20. hxg3 Nf6 21. Rc1 Qe7 22. Qe2 Rad8 23. Rc2 Qf7 24. Rfc1 Rd7 25. Bb5 Re7 26. Bc4 Rd8 27. Bxd5 Rxd5 28. Rc8+ Kh7 29. R1c6 Ng4 30. f3 Ne5 31. Rc3 Red7 32. Qc2 Ng6 33. R3c7 Ne7 34. Ra8 a5 35. Rxd7 Rxd7 36. Qc4 Nd5 37. Qc8 Nf6 38. Qh8+ Kg6 39. Nc6 Rd5 40. Ra7 Nd7 41. b4 axb4 42. axb4 e5 43. Kh2 Kh5 44. e4 fxe4 45. fxe4 Rd2 46. g4+ Kg6 47. Nxe5+ Nxe5 48. Rxf7 Nxf7 49. Qc8 Re2 50. Qc4 Rf2 51. e5 Rf4 52. Qe6+ Kg7 53. g3 Rf3 54. Kg2 Nxe5 55. Qxe5+ Rf6 56. Qc7+ Kf8 57. b5 Ke8 58. Qg7 Re6 59. Kf3 Kd8 60. Qf7 1-0

[Event "ARM-ch 1st League 85th"]
[Site "Yerevan"]
[Date "2024.11.25"]
[Round "2"]
[White "Davtyan, Arsen"]
[Black "Pogosyan, Stefan"]
[Result "1-0"]
[WhiteElo "2400"]
[BlackElo "2407"]
[PlyCount "73"]
[EventDate "2024.11.24"]
[EventType "tourn"]
[EventRounds "11"]
[EventCountry "ARM"]
[EventCategory "5"]
[SourceTitle "CB51_2024"]
[SourceDate "2024.12.18"]
[SourceVersion "1"]
[SourceVersionDate "2024.12.18"]
[SourceQuality "1"]

1. d4 d5 2. c4 c6 3. Nf3 Nf6 4. Nc3 a6 5. e3 Bf5 6. Nh4 Bc8 7. Qc2 b5 8. b3 g6 9. Bb2 Bg7 10. Bd3 0-0 11. 0-0 Nbd7 12. Nf3 Bb7 13. Rad1 Qc7 14. h3 e6 15. c5 b4 16. Na4 a5 17. Qe2 Qc8 18. Ne5 Ba6 19. Bxa6 Qxa6 20. Nd3 Ne4 21. Qe1 f5 22. f3 Ng5 23. h4 Nf7 24. h5 g5 25. e4 Nf6 26. Nb6 Rae8 27. e5 Nxh5 28. g4 fxg4 29. fxg4 Nf4 30. Nxf4 gxf4 31. Nd7 Ng5 32. Nxf8 Rxf8 33. Bc1 Bh6 34. Qh4 Kg7 35. Bxf4 Nh3+ 36. Qxh3 Bxf4 37. Rf2 1-0

[Event "Wch U18"]
[Site "Florianopolis"]
[Date "2024.11.05"]
[Round "7"]
[White "Kenbeilov, Timur"]
[Black "Davtyan, Arsen"]
[Result "1-0"]
[WhiteElo "2281"]
[BlackElo "2394"]
[PlyCount "95"]
[EventDate "2024.10.29"]
[EventType "swiss"]
[EventRounds "11"]
[EventCountry "BRA"]
[SourceTitle "CB45_2024"]
[Source "ChessBase"]
[SourceDate "2024.11.06"]
[SourceVersion "1"]
[SourceVersionDate "2024.11.06"]
[SourceQuality "1"]

1. d4 d5 2. c4 e6 3. g3 dxc4 4. Bg2 Nc6 5. Nf3 Rb8 6. 0-0 Nf6 7. e3 Be7 8. Nfd2 e5 9. Bxc6+ bxc6 10. dxe5 Ng4 11. Nxc4 Be6 12. Nbd2 Qd3 13. b3 h5 14. h3 Nh6 15. Qxh5 g6 16. Qf3 Bxh3 17. Qxc6+ Kf8 18. Re1 Be6 19. Qe4 Qd7 20. Qd4 Qc6 21. e4 Rd8 22. Qxa7 Kg7 23. Qa4 Qxa4 24. bxa4 Ng4 25. Re2 Rh3 26. Ba3 Bxa3 27. Nxa3 Rdh8 28. Nf1 Nh2 29. Nxh2 Rxh2 30. Rae1 Bg4 31. f3 Rh1+ 32. Kf2 R8h2+ 33. Ke3 Rxe1 34. Rxe1 Rxa2 35. Nb5 Bd7 36. Nxc7 Bxa4 37. Kf4 Rc2 38. Nd5 Rf2 39. Ra1 Bb3 40. Ra3 Bd1 41. Nf6 g5+ 42. Kg4 Kg6 43. Ng8 Be2 44. Ne7+ Kh6 45. Nf5+ Kg6 46. Nd4 Bd1 47. Ra6+ Kg7 48. e6 1-0